| 000 | 01735cam a2200433 i 4500 | ||
|---|---|---|---|
| 999 |
_c532767 _d532767 |
||
| 001 | 18164437 | ||
| 003 | Nust | ||
| 005 | 20191202162844.0 | ||
| 008 | 140519s2014 dcu b i001 0 eng c | ||
| 010 | _a 2014019257 | ||
| 020 | _a9788130929439 (paper) | ||
| 024 | 7 |
_a10.1596/978-1-4648-0235-5 _2doi |
|
| 038 | _aMSOHAIL | ||
| 040 |
_aICU/DLC _beng _cICU _erda _dDLC |
||
| 042 | _apcc | ||
| 043 | _aa-pk--- | ||
| 050 | 0 | 0 |
_aTD883.7.P18 _bS263 2014 |
| 082 | 0 | 0 |
_a363.739 KHA _223 |
| 100 |
_aKhan,Asif Shuja _926336 |
||
| 245 | 0 | 0 |
_aCleaning Pakistan's air : _bpolicy options to address the cost of outdoor air pollution. _cErnesto Sánchez-Triana, Santiago Enriquez, Javaid Afzal, Akiko Nakagawa, and Asif Shuja Khan. |
| 264 | 1 |
_aNew Delhi _bThe World Bank, _c[2014] |
|
| 300 |
_axxiii, 179 pages ; _c26 cm. |
||
| 336 |
_atext _2rdacontent |
||
| 337 |
_aunmediated _2rdamedia |
||
| 338 |
_avolume _2rdacarrier |
||
| 490 | 1 | _aDirections in development : energy and mining | |
| 500 | _aH.B | ||
| 504 | _aIncludes bibliographical references and index. | ||
| 650 | 0 |
_aAir _xPollution _zPakistan. _926337 |
|
| 650 | 0 |
_aAir quality management _zPakistan. _926338 |
|
| 650 | 0 |
_aAir _xPollution _xGovernment policy _zPakistan. _926339 |
|
| 650 | 0 |
_aAir _xPollution _xHealth aspects _zPakistan. _926340 |
|
| 710 | 1 |
_aSánchez Triana, Ernesto. _926341 |
|
| 776 | 0 | 8 |
_iOnline version: _aSánchez Triana, Ernesto, author. _tCleaning Pakistan's air _dWashington, DC : The World Bank, 2014 _z9781464802362 _w(DLC) 2014020819 |
| 830 | 0 |
_aDirections in development (Washington, D.C.) _919870 |
|
| 906 |
_a7 _bcbc _corignew _d1 _eecip _f20 _gy-gencatlg |
||
| 942 |
_2ddc _cBK _k363.739 KHA |
||